Systém národných účtov a ekonomická databáza

Salvato in:
Dettagli Bibliografici
Autore principale: Husár, Jaroslav
Natura: Libro
Lingua:slovacco
Pubblicazione: Bratislava EU 1994
Edizione:1. vyd.
Serie:Working Paper No. 11
Soggetti:
Tags: Aggiungi Tag
Nessun Tag, puoi essere il primo ad aggiungerne!!

MARC

LEADER 00000nam a2200000 4500
001 c004762
005 20221128074032.0
041 0 |a slo 
044 |a SK 
245 1 0 |a Systém národných účtov a ekonomická databáza  |c Jaroslav Husár 
250 |a 1. vyd. 
264 1 |a Bratislava  |b EU  |c 1994 
300 |a 12 s. 
490 1 |a Working Paper  |v No. 11 
830 0 |a Working Paper  |v No. 11 
610 2 0 |a účty národné 
610 2 0 |a informácie ekonomické 
610 2 0 |a produkt národný hrubý 
610 2 0 |a USA 
610 2 0 |a príjmy 
610 2 0 |a výdavky 
610 2 0 |a produkt domáci hrubý 
610 2 0 |a báza dát 
100 1 |a Husár, Jaroslav